| 000 | 00955cam a2200349 4500 | ||
|---|---|---|---|
| 008 | 090401t1998 xxu||||| |||| 00| 0 eng d | ||
| 020 | _a072820312X | ||
| 035 | _a(Sirsi) u89201 | ||
| 041 | _aeng | ||
| 050 | _a333.0023 | ||
| 100 | _aMurdoch, John | ||
| 245 | 4 | _aThe ISVA / Estates Gazette CPD legal update 1998. | |
| 250 | _a7th ed. | ||
| 260 |
_aLondon _bEstates Gazette _c1998 |
||
| 260 |
_aLondon _bISVA _c1998 |
||
| 300 | _axxxviii,122p. ; 30cm. | ||
| 350 | _a21 | ||
| 650 | _aCOMPENSATION | ||
| 650 |
_aCompulsory purchase _96228 |
||
| 650 | _aCPD LEGAL UPDATE | ||
| 650 | _aESTATES GAZETTE | ||
| 650 | _aABOUT RICS-RELATED ORGANISATIONS-INCORPORATED SOCIETY OF VALUERS AND AUCTIONEERS | ||
| 650 |
_aLANDLORD AND TENANT _96252 |
||
| 650 | _aLAW | ||
| 650 | _aPLANNING LAW | ||
| 650 | _aPROFESSIONAL PRACTICE | ||
| 690 | _aLAW | ||
| 700 | _aMurdoch, Sandi | ||
| 700 | _aRivers, Sue | ||
| 942 | _n0 | ||
| 948 | _c21/10/1998 | ||
| 999 |
_c97432 _d97432 |
||